|
|
|
|
| LEADER |
01288nam a2200325 a 4500 |
| 001 |
548319 |
| 008 |
090531s1989 ii ab b 000 0 eng d |
| 010 |
|
|
|a 88018458
|
| 020 |
|
|
|a 0803995814
|
| 020 |
|
|
|a 0803995822 (pbk.)
|
| 020 |
|
|
|a 8170361087(India hbk)
|
| 020 |
|
|
|a 8170361095(India pbk)
|
| 040 |
|
|
|a DLC
|c DLC
|d DLC
|
| 082 |
0 |
0 |
|a 302.2/34/0954
|2 19
|
| 100 |
1 |
|
|a Hartmann, Paul, |
|d 1938-
|
| 245 |
1 |
4 |
|a The mass media and village life :
|b an Indian study /
|c Paul Hartmann, B.R. Patil, Anita Dighe.
|
| 260 |
|
|
|a New Delhi ;
|a Newbury Park :
|b Sage Publications,
|c 1989.
|
| 300 |
|
|
|a 286 p. :
|b ill., maps ;
|c 22 cm.
|
| 490 |
1 |
|
|a Communication and human values
|
| 504 |
|
|
|a Bibliography: p. [270]-272.
|
| 541 |
1 |
|
|e 00005147
|
| 650 |
|
0 |
|a Mass media
|z India
|x Influence.
|
| 650 |
|
0 |
|a Mass media in community development
|z India.
|
| 650 |
|
0 |
|a Communication in rural development
|z India.
|
| 650 |
|
0 |
|a Mass media surveys
|z India.
|
| 700 |
1 |
|
|a Patil, B. R.
|
| 700 |
1 |
|
|a Dighe, Anita.
|
| 852 |
4 |
|
|a Ayesha Abed Library
|j General Shelf.
|
| 999 |
|
|
|c 1038
|d 1038
|
| 952 |
|
|
|0 0
|1 0
|2 ddc
|4 0
|6 302_234095400000000_HAR_1989
|7 0
|9 946
|a BRACUL
|b BRACUL
|c GEN
|d 2009-06-24
|g 0.00
|l 0
|o 302.2340954 HAR
|p 3010005147
|r 2009-06-24
|t 1
|w 2009-06-24
|y BK
|x No price found in the accession register.
|